| 000 | 00497nam a2200145 4500 | ||
|---|---|---|---|
| 999 |
_c19938 _d19938 |
||
| 008 | 240401b ||||| |||| 00| 0 eng d | ||
| 020 | _a0385022492 | ||
| 082 |
_aDC 641.5 _bC83 1975 |
||
| 245 |
_aCountry fair cookbook : _bevery recipe a blue ribbon winner / _cedited by Elise W. Manning. |
||
| 260 |
_aNew York : _bDoubleday & Company, Inc., _c©1975. |
||
| 300 |
_a216 pages : _bcolor illustrations ; _c21 cm. |
||
| 500 | _aIncludes index. | ||
| 650 |
_aCookery, American. _955715 |
||
| 942 |
_2ddc _cDC |
||